000 00883nam a22002417a 4500
001 3314
003 FISKH
005 20240227101039.0
008 240227b cb ||||| |||| 00| 0 eng d
040 _aFISK
_beng
_cFISK
_dFISK
050 _aPZ7.C6837
082 _a813.6
100 _aCollins
_d1962
245 _aGregor and the prophecy of bane /
_cSuzanne Collins
260 _aLondon :
_bSuzanne Collins,
_c2004
300 _a243 pages :
_b21 cm :
490 _3The underland chronicles
_aBook 2
501 _aM
520 _aIn his second adventure, eleven-year-old Gregor returns to the world beneath New York City to rescue his kidnapped sister, Boots, and fulfill a prophecy that will restore peace to the people, bats, rats, cockroaches, and spiders who populate the underworld.
521 8 _a680
_bM
700 _aSuzanne Collins
942 _2ddc
_cBK
_n0
999 _c3314
_d3314